00625nam a2200157Ia 4500008004100000020001800041050002300059100002300082245012900105260005100234300002100285521000700306942001200313999001900325952012300344140529s9999 xx 000 0 und d a9789718342688 aBS 485b.W684 2001 aWiersbe, Warren W. aBe successful :battaining wealth that money can't buy : OT commentary, 1 Samuel /cWarren W. Wiersbe; foreword by Ken Baugh aColorado Springs, CO :bDavid C. Cook,cc2011. a217 p. ;c21 cm. aGE kFORcBK c117634d117634 001040aCLbCLcGCd2014-05-30g250.00l2oBS 485 .W684 2001pC16892r2024-01-29 00:00:00s2024-01-18w2014-05-30yBK